|
|
|
|
| LEADER |
02527nam a2200457 i 4500 |
| 001 |
nkc20223474530 |
| 003 |
CZ PrNK |
| 005 |
20230420092206.0 |
| 007 |
ta |
| 008 |
221130s2022 xr g 000 f cze |
| 015 |
|
|
|a cnb003474530
|
| 020 |
|
|
|a 978-80-277-1080-5
|q (vázáno)
|
| 035 |
|
|
|a (OCoLC)1378694733
|
| 040 |
|
|
|a ABG001
|b cze
|d ABA001
|e rda
|
| 041 |
1 |
|
|a cze
|h eng
|
| 072 |
|
7 |
|a 821.111(73)-3
|x Americká próza
|2 Konspekt
|9 25
|
| 080 |
|
|
|a 821.111(73)-31
|2 MRF
|
| 080 |
|
|
|a (0:82-312.4)
|2 MRF
|
| 100 |
1 |
|
|a Messina, Lynn
|q (Lynn Ann),
|d 1972-
|7 xx0279263
|4 aut
|
| 240 |
1 |
0 |
|a Brazen curiosity.
|l Česky
|
| 245 |
1 |
0 |
|a Nestoudná zvědavost /
|c Lynn Messina ; z anglického originálu A brazen curiosity přeložila Karolina Limrová
|
| 264 |
|
1 |
|a Praha :
|b Dobrovský s.r.o.,
|c 2022
|
| 300 |
|
|
|a 245 stran ;
|c 21 cm
|
| 336 |
|
|
|a text
|b txt
|2 rdacontent
|
| 337 |
|
|
|a bez média
|b n
|2 rdamedia
|
| 338 |
|
|
|a svazek
|b nc
|2 rdacarrier
|
| 490 |
1 |
|
|a Kontrast
|
| 520 |
2 |
|
|a Na návštěvě panského sídla objeví Beatrice v knihovně mrtvolu jednoho z hostů. Klasický detektivní příběh z anglického venkova z počátku 19. století.
|b Šestadvacetiletá Beatrice Hyde-Clareová je příliš plachá, aby se pustila do vyšetřování podezřelé smrti jednoho z hostů panského domu v Lake Districtu. Stará panna, která je neochotně trpěnou schovankou svých příbuzných, by se jistě neodvážila prohledávat pokoje syna vážené hostitelky a jeho urozeného přítele, jen aby získala usvědčující důkazy. Byla vychována k úctě a poslušnosti, takže by ji samozřejmě nikdy v životě nenapadlo vyslýchat panovačného vévodu z Kesgravu a už vůbec by si netroufla zpochybňovat způsob, jakým celou záležitost předložil místnímu konstáblovi. Jenže když v opuštěné knihovně venkovského sídla Skeffingtonových zakopne o zkrvavené tělo ubohého pana Otleyho, přesně tohle udělá. Nakladatelská anotace. Kráceno.
|
| 655 |
|
7 |
|a americké romány
|7 fd131796
|2 czenas
|
| 655 |
|
7 |
|a detektivní romány
|7 fd132010
|2 czenas
|
| 655 |
|
9 |
|a American fiction
|2 eczenas
|
| 655 |
|
9 |
|a detective novels
|2 eczenas
|
| 700 |
1 |
|
|a Limrová, Karolina,
|d 1979-
|7 xx0134716
|4 trl
|
| 787 |
0 |
8 |
|i Z cyklu:
|t Beatrice Hyde-Clareová
|g 1
|
| 830 |
|
0 |
|a Kontrast
|0 s
|
| 910 |
2 |
|
|a BOA001
|b 2-1505.192
|
| 920 |
|
|
|a 4680525
|z ABG001
|
| 990 |
|
|
|a BK
|
| 995 |
|
|
|a 01
|
| 991 |
|
|
|b 202303
|c NOV
|
| 996 |
6 |
|
|b 2610933035
|c 2-1505.192
|l MZK
|r Sklad / do 1 hodiny
|n 3
|p p.v.
|w 001917242
|u 000010
|a 1
|e BOA001
|j MZK50
|s P
|